Namiesto skládok budú pribúdať spaľovne nový zákon postaví energetické a materiálové zhodnocovanie odpadov na rovnakú úroveň

Podrobná bibliografia
Hlavný autor: Duduc, Vladimír (Author)
Médium: Článok
Jazyk:Slovak
Témy:
On-line prístup:http://www.envira.sk/3_2011/9-10.pdf
Zdroj: 1. 21. storočie 1. Roč. 14, č. 3 (2011), s. 9-10 1. 1335-874X
LEADER 00906nab#a2200325#ar4500
001 000108038
003 SVKKK
005 20120507104658.0
008 100818c2011 xo |||||||||||||||b|slo
FMT
015 |a SNBRB2012/05 
038 |a SVKKK 
040 |a SVKKK  |b slo  |e AACR2 
041 0 |a slo 
044 |a xo  |c SK 
080 |a 621.039.73  |2 1997 
100 1 |a Duduc, Vladimír  |4 aut 
245 1 0 |a Namiesto skládok budú pribúdať spaľovne  |b nový zákon postaví energetické a materiálové zhodnocovanie odpadov na rovnakú úroveň  |c Vladimír Duduc 
300 |b Fotogr. 
650 0 4 |a komunálne odpady  |x separovanie  |x spaľovne 
651 4 |a Slovensko 
773 0 |t 21. storočie  |g Roč. 14, č. 3 (2011), s. 9-10  |x 1335-874X 
958 |a SK 
974 |a Fav 
992 |a RBX 
BAS
856 4 1 |u http://www.envira.sk/3_2011/9-10.pdf 
852 |a SVKKK  |b BIB 
EXP
998 |a GEO